000 00669nam a2200253Ia 4500
003 OSt
005 20220918200346.0
006 a|||||r|||| 00| 0
007 ta
008 220917b |||||||| |||| 00| 0 eng d
024 _a88,480
037 _cTextual
040 _aARTS
_cARTS
_beng
041 _2eng
_aeng
082 _aT4r3, K4
110 _aGreat britain unive grants commitee
_993794
245 0 _aUniversity development 1957-1962
260 _c1964
490 _acommand papers; 2267
650 _aHIGHER EDUCATION
700 _aGreat britain unive grants commitee
_993795
942 _hT4r3, K4
_cTEXL
_2CC
999 _c212168
_d212168